The First epistle of Paul to the Corinthians; (Record no. 4612)
[ view plain ]
| 000 -LEADER | |
|---|---|
| fixed length control field | 02100cam a2200349I 4500 |
| 001 - CONTROL NUMBER | |
| control field | 3062482 |
| 003 - CONTROL NUMBER IDENTIFIER | |
| control field | OCoLC |
| 005 - DATE AND TIME OF LATEST TRANSACTION | |
| control field | 20190328185643.0 |
| 008 - FIXED-LENGTH DATA ELEMENTS--GENERAL INFORMATION | |
| fixed length control field | 770622s1928 pau 000 0 eng |
| 010 ## - LIBRARY OF CONGRESS CONTROL NUMBER | |
| LC control number | 29003986 |
| 035 ## - SYSTEM CONTROL NUMBER | |
| System control number | tcgc172596 |
| 035 ## - SYSTEM CONTROL NUMBER | |
| System control number | (OCoLC)3062482 |
| Canceled/invalid control number | (OCoLC)60707263 |
| 040 ## - CATALOGING SOURCE | |
| Original cataloging agency | DLC |
| Language of cataloging | eng |
| Transcribing agency | OCP |
| Modifying agency | OCL |
| -- | OCLCQ |
| -- | OCLCG |
| -- | WY@ |
| -- | ZNS |
| -- | SGB |
| -- | HNW |
| -- | OCLCF |
| 050 00 - LIBRARY OF CONGRESS CALL NUMBER | |
| Classification number | BS2675 |
| Item number | .E7 |
| 082 04 - DEWEY DECIMAL CLASSIFICATION NUMBER | |
| Classification number | REF 226 |
| Item number | E66E |
| 100 1# - MAIN ENTRY--PERSONAL NAME | |
| Personal name | Erdman, Charles R. |
| Fuller form of name | (Charles Rosenbury), |
| Dates associated with a name | 1866-1960. |
| 245 14 - TITLE STATEMENT | |
| Title | The First epistle of Paul to the Corinthians; |
| Remainder of title | an exposition, |
| Statement of responsibility, etc. | by Charles R. Erdman. |
| 260 ## - PUBLICATION, DISTRIBUTION, ETC. | |
| Place of publication, distribution, etc. | Philadelphia : |
| Name of publisher, distributor, etc. | Westminster Press, |
| Date of publication, distribution, etc. | 1928. |
| 300 ## - PHYSICAL DESCRIPTION | |
| Extent | 158 pages ; |
| Dimensions | 18 cm. |
| 336 ## - CONTENT TYPE | |
| Content type term | text |
| Content type code | txt |
| Source | rdacontent |
| 337 ## - MEDIA TYPE | |
| Media type term | unmediated |
| Media type code | n |
| Source | rdamedia |
| 338 ## - CARRIER TYPE | |
| Carrier type term | volume |
| Carrier type code | nc |
| Source | rdacarrier |
| 490 1# - SERIES STATEMENT | |
| Series statement | Commentaries on the New Testament books. |
| 505 0# - FORMATTED CONTENTS NOTE | |
| Formatted contents note | The salutation and thanksgiving -- The problems of the church. Divisions -- Discipline -- Lawsuits -- Impurity -- Marriage -- The use of meat sacrificed to idols -- The veiling of women in public worship -- The observance of the Lord's Supper -- The use of spiritual gifts -- The resurrection of the dead -- Conclusion. |
| 520 ## - SUMMARY, ETC. | |
| Summary, etc. | This letter was written by the Apostle Paul to the Christians of Corinth, and it concerns questions of vital importance relative to the life and ministry and message of the church. While the circumstances under which these questions arose were largely local and temporary, their treatment by the apostle is of immediate interest and abiding value for the reason that he discusses each one in the light of some permanent principle. - Foreword. |
| 630 00 - SUBJECT ADDED ENTRY--UNIFORM TITLE | |
| Uniform title | Bible. |
| Name of part/section of a work | Corinthians, 1st |
| General subdivision | Criticism, interpretation, etc. |
| 655 #7 - INDEX TERM--GENRE/FORM | |
| Genre/form data or focus term | Authors' presentation inscriptions (Provenance) |
| Geographic subdivision | United States |
| Chronological subdivision | 1928. |
| Source of term | rbprov. |
| 655 #7 - INDEX TERM--GENRE/FORM | |
| Genre/form data or focus term | Association copies (Provenance) |
| Geographic subdivision | United States |
| Chronological subdivision | 1928. |
| Source of term | rbprov. |
| 655 #7 - INDEX TERM--GENRE/FORM | |
| Genre/form data or focus term | Criticism, interpretation, etc. |
| Source of term | fast |
| Authority record control number or standard number | (OCoLC)fst01411635. |
| 800 1# - SERIES ADDED ENTRY--PERSONAL NAME | |
| Personal name | Erdman, Charles R. |
| Fuller form of name | (Charles Rosenbury), |
| Dates associated with a name | 1866-1960. |
| Title of a work | Commentaries on the New Testament books. |
| 942 ## - ADDED ENTRY ELEMENTS (KOHA) | |
| Source of classification or shelving scheme | Dewey Decimal Classification |
| Koha item type | Reference |
No items available.
